Výhody implementácie intranetu v podniku

Intranet môže pomôcť užívateľom nájsť informácie rýchlejšie. S pomocou webového prehliadača môžu používatelia pristupovať k údajom, ktoré sú v databáze organizácie, a ktoré sa organizácia rozhodla dať k dispozícii. Prístup je možný kedykoľvek po prihlásení z ľubovoľného miesta v rámci firemnej praco...

ver descrição completa

Na minha lista:
Detalhes bibliográficos
Autor principal: Dugas, Jaroslav, 1967-
Outros Autores: Ferencz, Vojtech
Formato: Capítulo de Livro
Idioma:eslovaco
Assuntos:
Tags: Adicionar Tag
Sem tags, seja o primeiro a adicionar uma tag!

MARC

LEADER 00000naa$a2200000$$$4500
001 0267189
005 20240502074209.1
041 0 |a slo 
044 |a SK 
245 1 0 |a Výhody implementácie intranetu v podniku  |c Jaroslav Dugas, Vojtech Ferencz 
520 |a Intranet môže pomôcť užívateľom nájsť informácie rýchlejšie. S pomocou webového prehliadača môžu používatelia pristupovať k údajom, ktoré sú v databáze organizácie, a ktoré sa organizácia rozhodla dať k dispozícii. Prístup je možný kedykoľvek po prihlásení z ľubovoľného miesta v rámci firemnej pracovnej stanice, čo zvyšuje schopnosť zamestnancov vykonávať svoju prácu rýchlejšie, presne a s istotou, že majú tie správne a aktuálne informácie. 
610 2 0 |a intranet 
610 2 0 |a podnik 
610 2 0 |a informácie 
610 2 0 |a dokumenty 
610 2 0 |a práca tímová 
100 1 |a Dugas, Jaroslav, 1967- 
700 1 |a Ferencz, Vojtech